| 000 | 00832nam a22002417a 4500 | ||
|---|---|---|---|
| 005 | 20100819143758.0 | ||
| 008 | 090109t xxu||||| |||| 00| 0urd d | ||
| 010 | _a UR-7783 | ||
| 020 | _c200.00 | ||
| 035 | _aU-6338 | ||
| 040 |
_adpl _burd |
||
| 082 | _a841 | ||
| 100 |
_912785 _aاعجازاعظمی |
||
| 245 |
_aاعجازسخن / _cاعجازاعظمی |
||
| 246 |
_aAijaz-E-Sukhan / _bby Aijaz Azmi |
||
| 260 |
_aنئ دہلی _c2008 _bاردو بک ریویو |
||
| 270 |
_bNew Delhi _a1739/3, Basement New Kohinoor Hotel, Daryagang _k23266347 _e110002 |
||
| 300 |
_a368 ص _c22 س م (Hb) |
||
| 650 |
_2critisim _912786 |
||
| 700 | _913088 | ||
| 942 |
_2ddc _cUR _h841 _mا ع ج |
||
| 999 |
_c42559 _d42559 |
||